Программная реализация кредитного скоринга в виде экспертной системы для оценивания платежеспособности клиентов; Информационные технологии в науке, управлении, социальной сфере и медицине; Ч. 2
| Parent link: | Информационные технологии в науке, управлении, социальной сфере и медицине: сборник научных трудов V Международной научной конференции, 17-21 декабря 2018 г., Томск/ Национальный исследовательский Томский политехнический университет (ТПУ) ; Томский государственный педагогический университет (ТГПУ) ; под ред. О. Г. Берестневой [и др.].— , 2018 Ч. 2.— 2018.— [С. 100-106] |
|---|---|
| المؤلف الرئيسي: | |
| مؤلف مشترك: | |
| مؤلفون آخرون: | |
| الملخص: | Заглавие с титульного экрана Recently in our country there has been an intensive growth of the lending market and, in particular, the sector of lending to individuals. This inevitably leads to an increase in credit risks, which are assumed by both individual credit and financial institutions, and the banking system of the country as a whole. When granting a loan, the bank, first of all, is interested in the creditworthiness of the potential borrower, that is, the ability to pay its debt obligations in full and on time. When studying the issue of public procurement, it is necessary to pay attention primarily to the validity of issuing a loan by a bank for making purchases to potential borrowers. The task of choosing creditworthy borrowers are scoring systems. |
| اللغة: | الروسية |
| منشور في: |
2018
|
| سلاسل: | Информационные технологии и моделирование в экономике |
| الموضوعات: | |
| الوصول للمادة أونلاين: | http://earchive.tpu.ru/handle/11683/52318 |
| التنسيق: | الكتروني فصل الكتاب |
| KOHA link: | https://koha.lib.tpu.ru/cgi-bin/koha/opac-detail.pl?biblionumber=628911 |
MARC
| LEADER | 00000naa2a2200000 4500 | ||
|---|---|---|---|
| 001 | 628911 | ||
| 005 | 20231101133532.0 | ||
| 035 | |a (RuTPU)RU\TPU\conf\29251 | ||
| 035 | |a RU\TPU\conf\29249 | ||
| 090 | |a 628911 | ||
| 100 | |a 20190116d2018 k y0rusy50 ca | ||
| 101 | 0 | |a rus |d eng | |
| 102 | |a RU | ||
| 105 | |a y z 101zy | ||
| 135 | |a drcn ---uucaa | ||
| 181 | 0 | |a i | |
| 182 | 0 | |a b | |
| 200 | 1 | |a Программная реализация кредитного скоринга в виде экспертной системы для оценивания платежеспособности клиентов |d Software implementation of credit scoring in the form of an expert system for estimating of paymentabilityof the customers |f В. С. Старшинов, С. А. Ткачёв | |
| 203 | |a Текст |c электронный | ||
| 225 | 1 | |a Информационные технологии и моделирование в экономике | |
| 230 | |a 1 компьютерный файл (pdf; 946 Kb) | ||
| 300 | |a Заглавие с титульного экрана | ||
| 320 | |a [Библиогр.: с. 106 (5 назв.)] | ||
| 330 | |a Recently in our country there has been an intensive growth of the lending market and, in particular, the sector of lending to individuals. This inevitably leads to an increase in credit risks, which are assumed by both individual credit and financial institutions, and the banking system of the country as a whole. When granting a loan, the bank, first of all, is interested in the creditworthiness of the potential borrower, that is, the ability to pay its debt obligations in full and on time. When studying the issue of public procurement, it is necessary to pay attention primarily to the validity of issuing a loan by a bank for making purchases to potential borrowers. The task of choosing creditworthy borrowers are scoring systems. | ||
| 461 | 1 | |0 (RuTPU)RU\TPU\conf\29207 |t Информационные технологии в науке, управлении, социальной сфере и медицине |o сборник научных трудов V Международной научной конференции, 17-21 декабря 2018 г., Томск |o в 2 ч. |f Национальный исследовательский Томский политехнический университет (ТПУ) ; Томский государственный педагогический университет (ТГПУ) ; под ред. О. Г. Берестневой [и др.] |d 2018 | |
| 463 | 1 | |0 (RuTPU)RU\TPU\conf\29209 |t Ч. 2 |v [С. 100-106] |d 2018 | |
| 510 | 1 | |a Software implementation of credit scoring in the form of an expert system for estimating of paymentabilityof the customers |z eng | |
| 610 | 1 | |a электронный ресурс | |
| 610 | 1 | |a труды учёных ТПУ | |
| 610 | 1 | |a model | |
| 610 | 1 | |a expert system | |
| 610 | 1 | |a credit | |
| 610 | 1 | |a economics | |
| 610 | 1 | |a financy | |
| 610 | 1 | |a экспертные системы | |
| 610 | 1 | |a экономика | |
| 610 | 1 | |a кредиты | |
| 610 | 1 | |a финансы | |
| 610 | 1 | |a платежеспособность | |
| 610 | 1 | |a клиенты | |
| 700 | 1 | |a Старшинов |b В. С. | |
| 701 | 1 | |a Ткачёв |b С. А. | |
| 712 | 0 | 2 | |a Национальный исследовательский Томский политехнический университет (ТПУ) |c (2009- ) |2 stltpush |3 (RuTPU)RU\TPU\col\15902 |
| 801 | 2 | |a RU |b 63413507 |c 20190118 |g RCR | |
| 856 | 4 | |u http://earchive.tpu.ru/handle/11683/52318 | |
| 942 | |c BK | ||